000
00317nam a2200121Ia 4500
008
220204s9999 xx 000 0 und d
082
_a
575:631.52
_b
PLA.17
245
0
_a
Plant breeding reviews. V 17
260
_a
New York
_b
John Wiley
_c
2000
490
_a
Hybrid rice genetics
700
_a
Janick, Jules
942
_c
BK
999
_c
41711
_d
41711